| Tag |
First Indicator |
Second Indicator |
Subfields |
| LEADER |
00000cam a2200000 i 4500 |
| 001 |
in00000036695 |
| 005 |
20151007062203.0 |
| 008 |
800401s1979 enka 00110 eng |
| 010 |
|
|
|a 80460087
|
| 015 |
|
|
|a GB***
|
| 020 |
|
|
|a 0229116183 :
|c 3.95 ($7.95)
|
| 035 |
|
|
|a (OCoLC)06252807
|
| 035 |
|
|
|9 AAD4168AM
|
| 040 |
|
|
|a DLC
|c DLC
|d TXA
|d UtOrBLW
|
| 049 |
|
|
|a TXAM
|c [1192229]
|
| 050 |
0 |
0 |
|a VK587
|b .D58 1979
|
| 082 |
0 |
|
|a 623.89/028/54
|
| 100 |
1 |
|
|a Dixon, Conrad.
|
| 245 |
1 |
0 |
|a Navigation by pocket calculator /
|c Conrad Dixon.
|
| 264 |
|
1 |
|a London ;
|a New York :
|b A. Coles ;
|a New York :
|b C. Scribner's Sons,
|c 1979.
|
| 300 |
|
|
|a 80 pages :
|b illustrations ;
|c 21 cm.
|
| 336 |
|
|
|a text
|b txt
|2 rdacontent
|
| 337 |
|
|
|a unmediated
|b n
|2 rdamedia
|
| 338 |
|
|
|a volume
|b nc
|2 rdacarrier
|
| 500 |
|
|
|a Includes index.
|
| 650 |
|
0 |
|a Navigation.
|
| 650 |
|
0 |
|a Calculators.
|
| 999 |
|
|
|a MARS
|
| 999 |
f |
f |
|s a512184b-f62b-35ad-aac6-7e85edb850fe
|i 2b642c00-8b73-33ad-b56a-e0e3dd164d4e
|t 0
|
| 952 |
f |
f |
|p ric
|a Texas A&M University
|b Rellis Campus
|c Joint Library Facility
|d Remote Storage
|t 0
|e VK587 .D58 1979
|h Library of Congress classification
|i unmediated -- volume
|m A14805711433
|
| 998 |
f |
f |
|a VK587 .D58 1979
|t 0
|l Remote Storage
|